Formovanie nového inštitucionálneho prostredia a jeho vplyv na regionálny rozvoj názov I. etapy riešenia

Salvato in:
Dettagli Bibliografici
Autore principale: Ivaničková, Alžbeta
Ente Autore: Výskumný ústav národohospodársky EU v Bratislave
Altri autori: Vlčková, Viera
Natura: Libro
Lingua:slovacco
Pubblicazione: Bratislava Výskumný ústav národohospodársky EU 1999
Serie:Štúdie
Soggetti:
Tags: Aggiungi Tag
Nessun Tag, puoi essere il primo ad aggiungerne!!

MARC

LEADER 00000nam a2200000 4500
001 c124939
005 20240422122142.0
022 |a 1335-1419 
041 0 |a slo 
044 |a SK 
245 1 0 |a Formovanie nového inštitucionálneho prostredia a jeho vplyv na regionálny rozvoj  |b názov I. etapy riešenia  |c Riešiteľky: Alžbeta Ivaničková, Viera Vlčková 
264 1 |a Bratislava  |b Výskumný ústav národohospodársky EU  |c 1999 
300 |a 20 s. 
490 1 |a Štúdie 
830 0 |a Štúdie 
610 2 0 |a ekonomika regionálna 
610 2 0 |a inštitúcia 
610 2 0 |a transformácia 
610 2 0 |a regióny 
610 2 0 |a rozvoj regionálny 
610 2 0 |a infraštruktúra 
610 2 0 |a teórie ekonomické 
610 2 0 |a neoinštitucionalizmus 
610 2 0 |a štát 
610 2 0 |a trh 
100 1 |a Ivaničková, Alžbeta 
700 1 |a Vlčková, Viera 
710 2 |a Výskumný ústav národohospodársky EU v Bratislave